Every Marvel And Marvel Related Film And Show - Statistics

General Stats
  • This quiz has been taken 7 times
  • The average score is 127 of 335
Answer Stats
Hint Answer % Correct
2012 The Avengers
100%
2015 Avengers Age of Ultron
86%
2026 Avengers Doomsday
86%
2019 Avengers Endgame
86%
2018 Avengers Infinity War
86%
1944 | 1979 | 1990 Captain America
86%
2025 Captain America: Brave New World
86%
2016 Captain America Civil War
86%
2011 Captain America The First Avenger
86%
2019 Captain Marvel
86%
2003 Daredevil
86%
2021 Eternals
86%
2005 | 2015 Fantastic 4
86%
2008 Iron Man
86%
2010 Iron Man 2
86%
2013 Iron Man 3
86%
2022 Ms. Marvel
86%
1978 Spider Man
86%
1981 Spider-Man
86%
2002 Spiderman
86%
2012 The Amazing Spider-Man
86%
1967 | 1994 The Fantastic Four
86%
2025 The Fantastic Four: First Steps
86%
2023 The Marvels
86%
2000 X-MEN
86%
2013 Agent Carter
71%
2015 Ant-Man
71%
2018 Ant-Man And The Wasp
71%
2023 Ant-Man And The Wasp: Quantumania
71%
2027 Avengers Secret Wars
71%
2018 Black Panther
71%
2022 Black Panther: Wakanda Forever
71%
2021 Black Widow
71%
2016 Deadpool
71%
2018 Deadpool 2
71%
2024 Deadpool & Wolverine
71%
2005 Elektra
71%
2007 Ghost Rider
71%
2011 Ghost Rider Spirit of Vengeance
71%
2014 Guardians of The Galaxy
71%
2003 Hulk
71%
2017 Inhumans
71%
2024 Kraven The Hunter
71%
2022 Morbius
71%
2004 Spiderman 2
71%
2007 Spiderman 3
71%
2023 Spider-Man Across The Spider-Verse
71%
2026 Spider-Man: Brand New Day
71%
2019 Spider-Man: Far From Home
71%
2017 Spiderman Homecoming
71%
2018 Spider-Man: Into The Spider-Verse
71%
2021 Spider-Man: No Way Home
71%
2021 The Falcon And The Winter Soldier
71%
2022 The Guardians of the Galaxy Holiday Special
71%
1977 | 1982 | 2008 The Incredible Hulk
71%
2020 The New Mutants
71%
1989 | 2004 The Punisher
71%
2013 The Wolverine
71%
2022 Thor: Love And Thunder
71%
2017 Thor Ragnarok
71%
2013 Thor The Dark World
71%
2025 Thunderbolts*
71%
2021 WandaVision
71%
2003 X2
71%
2016 X-MEN: Apocalypse
71%
2019 X-MEN: Dark Phoenix
71%
2014 X-MEN: Days of Future Past
71%
2011 X-MEN First Class
71%
2009 X-MEN Origins Wolverine
71%
2006 X-MEN: The Last Stand
71%
2024 Agatha All Along
57%
2014 Big Hero 6
57%
1998 Blade
57%
2002 Blade 2
57%
2004 Blade: Trinity
57%
2014 Captain America The Winter Soldier
57%
2017 Defenders
57%
1978 Dr. Strange
57%
2024 Echo
57%
2025 Eyes of Wakanda
57%
2007 Fantastic Four: Rise of The Silver Surfer
57%
2017 Guardians of The Galaxy Volume 2
57%
2023 Guardians of the Galaxy Volume 3
57%
2021 Hawkeye
57%
1986 Howard The Duck
57%
2017 Logan
57%
2021 Loki Season 1
57%
2023 Loki Season 2
57%
2024 Madame Web
57%
2022 Moon Knight
57%
2021 Shang-Chi And The Legend of The Ten Rings
57%
2014 The Amazing Spider-Man 2
57%
2011 The Consultant
57%
2018 Venom
57%
2021 Venom: Let There Be Carnage
57%
2024 Venom: The Last Dance
57%
2021 What If Season 1
57%
2023 What If Season 2
57%
2024 What If Season 3
57%
2011 A Funny Thing Happened on The Way to Thor's Hammer
43%
2015 Agent Carter Season 1
43%
2016 Agent Carter Season 2
43%
2013 Agents of S.H.I.E.L.D. Season 1
43%
2014 Agents of S.H.I.E.L.D. Season 2
43%
2015 Agents of S.H.I.E.L.D. Season 3
43%
2016 Agents of S.H.I.E.L.D. Season 4
43%
2017 Agents of S.H.I.E.L.D. Season 5
43%
2019 Agents of S.H.I.E.L.D. Season 6
43%
2020 Agents of S.H.I.E.L.D. Season 7
43%
2016 Agents of S.H.I.E.L.D. Slingshot
43%
2014 All Hail The King
43%
2013 Avengers Assemble Season 1
43%
2014 Avengers Assemble Season 2
43%
2016 Avengers Assemble Season 3
43%
2017 Avengers Assemble Season 4
43%
2022 Baymax!
43%
2018 Cloak and Dagger Season 1
43%
2019 Cloak and Dagger Season 2
43%
2025 Daredevil: Born Again Season 1
43%
2026 Daredevil: Born Again Season 2
43%
2015 Daredevil Season 1
43%
2016 Daredevil Season 2
43%
2018 Daredevil Season 3
43%
2015 Guardians of The Galaxy Season 1
43%
2017 Guardians of The Galaxy Season 2
43%
2018 Guardians of The Galaxy Season 3
43%
2020 Helstrom
43%
2021 Hit Monkey Season 1
43%
2024 Hit Monkey Season 2
43%
2013 Hulk And The Agents of S.M.A.S.H. Season 1
43%
2014 Hulk And The Agents of S.M.A.S.H. Season 2
43%
2009 Hulk vs. Wolverine
43%
2022 I am Groot Season 1
43%
2017 Iron Fist Season 1
43%
2018 Iron Fist Season 2
43%
2025 Ironheart
43%
2012 Item 47
43%
2015 Jessica Jones Season 1
43%
2018 Jessica Jones Season 2
43%
2019 Jessica Jones Season 3
43%
2016 Luke Cage Season 1
43%
2018 Luke Cage Season 2
43%
2005 Man-Thing
43%
2025 Marvel Zombies
43%
2023 Moon Girl and Devil Dinosaur Season 1
43%
2024 Moon Girl and Devil Dinosaur Season 2
43%
1998 Nick Fury: Agent of S.H.I.E.L.D.
43%
2023 Secret Invasion
43%
2022 She-Hulk: Attorney at Law
43%
1979 Spider-Woman
43%
2018 Team Darryl
43%
2016 Team Thor Part 1
43%
2017 Team Thor Part 2
43%
2010 The Avengers: Earth's Mightiest Heroes Season 1
43%
2012 The Avengers: Earth's Mightiest Heroes Season 2
43%
2012 Ultimate Spider-Man Season 1
43%
2013 Ultimate Spider-Man Season 2
43%
2014 Ultimate Spider-Man Season 3
43%
2016 Ultimate Spider-Man Season 4
43%
2026 Wonder Man
43%
2024 X-MEN '97 Season 1
43%
2026 X-MEN '97 Season 2
43%
2025 Your Friendly Neighborhood Spider-Man Season 1
43%
2026 Your Friendly Neighborhood Spider-Man Season 2
43%
2018 Avengers Assemble Season 5
29%
2017 Big Hero 6 The Series Season 1
29%
2019 Big Hero 6 The Series Season 2
29%
2020 Big Hero 6 The Series Season 3
29%
2006 Blade: The Series
29%
2027 Daredevil: Born Again Season 3
29%
2017 Deadpool No Good Deed
29%
2007 Doctor Strange: The Sorcerer Supreme
29%
1994 Fantastic Four Season 1
29%
1995 Fantastic Four Season 2
29%
2009 Hulk vs. Thor
29%
2023 I am Groot Season 2
29%
2009 Iron Man: Armored Adventures Season 1
29%
2011 Iron Man: Armored Adventures Season 2
29%
1994 Iron Man Season 1
29%
1995 Iron Man Season 2
29%
2017 Legion Season 1
29%
2018 Legion Season 2
29%
2019 Legion Season 3
29%
2021 M.O.D.O.K.
29%
2001 Mutant X Season 1
29%
2002 Mutant X Season 2
29%
2003 Mutant X Season 3
29%
2019 Peter's To-Do List
29%
2010 Planet Hulk
29%
2017 Punisher Season 1
29%
2019 Punisher Season 2
29%
2017 Runaways Season 1
29%
2018 Runaways Season 2
29%
2019 Runaways Season 3
29%
1967 | 1994 | 2017 Spider-Man Season 1
29%
1968 | 1995 | 2018 Spider-Man Season 2
29%
1970 | 1996 | 2020 Spider-Man Season 3
29%
1997 Spider-Man Season 4
29%
1997 Spider-Man Season 5
29%
2003 Spider-Man: The New Animated Series
29%
1999 Spider-Man Unlimited
29%
1977 The Amazing Spider-Man Season 1
29%
1978 The Amazing Spider-Man Season 2
29%
1988 The Incredible Hulk Returns
29%
1978 | 1996 The Incredible Hulk Season 1
29%
1978 | 1997 The Incredible Hulk Season 2
29%
1979 The Incredible Hulk Season 3
29%
1980 The Incredible Hulk Season 4
29%
1981 The Incredible Hulk Season 5
29%
2007 The Invincible Iron Man
29%
2023 The Spider Within
29%
2026 VisionQuest
29%
2009 Wolverine And The X-MEN
29%
1992 X-MEN Season 1
29%
1993 X-MEN Season 2
29%
1994 X-MEN Season 3
29%
1995 X-MEN Season 4
29%
1996 X-MEN Season 5
29%
2014 Avengers Confidential: Black Widow & Punisher
14%
1979 Captain America 2 Death to Soon
14%
2014 Disk Wars: The Avengers
14%
1980 Dracula Sovereign of The Damned
14%
2006 Fantastic Four World's Greatest Heroes
14%
2017 Future Avengers Season 1
14%
2018 Future Avengers Season 2
14%
1996 Generation X
14%
2016 Hulk: Where Monsters Dwell
14%
2014 Iron Man and Captain America: Heroes United
14%
2013 Iron Man and Hulk: Heroes United
14%
2013 Iron Man: Rise of Technovore
14%
2018 Marvel Rising: Battle of the Bands
14%
2018 Marvel Rising: Chasing Ghosts
14%
2018 Marvel Rising: Heart of Iron
14%
2018 Marvel Rising: Operation Shuri
14%
2018 Marvel Rising: Playing with Fire
14%
2018 Marvel Rising: Secret Warriors
14%
2008 Next Avengers: Heroes of Tomorrow
14%
2018 Once Upon a Deadpool
14%
1991 Power Pack
14%
2017 Rocket & Groot
14%
1998 Silver Surfer
14%
2019 Spider-Ham: Caught in a Ham
14%
1999 The Avengers United They Stand
14%
1990 The Death of The Incredible Hulk
14%
2017 The Gifted Season 1
14%
2018 The Gifted Season 2
14%
1966 The Marvel Super Heroes
14%
1978 The New Fantastic Four
14%
1989 The Trial of The Incredible Hulk
14%
2011 Thor: Tales of Asgard
14%
2006 Ultimate Avengers
14%
2006 Ultimate Avengers 2
14%
2015 WHIH News Front Season 1
14%
2016 WHIH News Front Season 2
14%
2000 X-MEN Evolution Season 1
14%
2001 X-MEN Evolution Season 2
14%
2002 X-MEN Evolution Season 3
14%
2003 X-MEN Evolution Season 4
14%
2017 Ant-Man Shorts
0%
2020 Avengers: Climate Conundrum
0%
2023 Avengers: Code Red
0%
2021 Avengers: Loki in Training
0%
2024 Avengers: Mission Demolition
0%
2017 Avengers Secret Wars Shorts
0%
2022 Avengers: Time Twisted
0%
2020 Battleworld: Mystery of the Thanostones
0%
2021 Battleworld: Treachery at Twilight
0%
2020 Baymax Dreams Season 1
0%
2021 Baymax Dreams Season 2
0%
2019 Baymax & Mochi
0%
2018 Big Chibi 6: The Shorts
0%
2011 Blade Anime Series
0%
2004 Blade Blood Thirsty
0%
2016 Docter Strange
0%
2022 Docter Strange In The Multiverse of Magic
0%
1981 Frankenstein Legend of Terror
0%
2016 Funko Shorts
0%
2015 Guardians of The Galaxy Micro Episodes 1
0%
2017 Guardians of The Galaxy Micro Episodes 2
0%
2010 Iron Man Anime Series
0%
2021 Meet Spidey And His Amazing Freinds Season 1
0%
2022 Meet Spidey And His Amazing Freinds Season 2
0%
2024 Meet Spidey And His Amazing Freinds Season 3
0%
2025 Meet Spidey And His Amazing Freinds Season 4
0%
2024 Moon Girl's Lab
0%
1989 Pryde of The X-MEN
0%
2018 Rising Initiation
0%
1989 Solarman
0%
1981 Spider-Man And His Amazing Freinds Season 1
0%
1982 Spider-Man And His Amazing Freinds Season 2
0%
1983 Spider-Man And His Amazing Freinds Season 3
0%
2017 Spider-Man Micro Episodes
0%
1990 Spider-Man Safety
0%
2019 Spider-Man Vexed By Venom
0%
2015 Super Hero Adventures: Frost Fight!
0%
2017 Super Hero Adventures Season 1
0%
2018 Super Hero Adventures Season 2
0%
2019 Super Hero Adventures Season 3
0%
2020 Super Hero Adventures Season 4
0%
2015 Super Heroes: Avengers Reassembled
0%
2018 Super Heroes: Black Panther Trouble in Wakanda
0%
2017 Super Heroes: Guardians of The Galaxy The Thanos Threat
0%
2013 Super Heroes: Maximum Overload
0%
2010 The Avengers: Earth's Mightiest Heroes Micro-Episodes
0%
2019 The Daily Bugle.Net Season 1
0%
2021 The Daily Bugle.Net Season 2
0%
2022 The Daily Bugle.Net Season 3
0%
2022 The Daily Bugle.Net Season 4
0%
2012 The Fury Files Season 1
0%
2013 The Fury Files Season 2
0%
2012 The Punisher Dirty Laundry
0%
2020 The Secret History of Venom
0%
2008 The Spectaculer Spider-Man Season 1
0%
2009 The Spectaculer Spider-Man Season 2
0%
2009 The Super Hero Squad Season 1
0%
2010 The Super Hero Squad Season 2
0%
1979 The Thing
0%
2008 War Zone Punisher
0%
2011 Wolverine Anime Series
0%
2011 X-MEN Anime Series
0%
No matching quizzes found
Score Distribution
Percent of People with Each Score
Percentile by Number Answered
Your Score History
You have not taken this quiz